Name That Tank - Statistics

General Stats
  • This quiz has been taken 34 times
    6 since last reset
  • The average score is 9 of 11
Answer Stats
Hint Answer % Correct
British heavy tank with a flame thrower variant Churchill
100%
Most produced German tank of World War ll Panzer 4
100%
The most produced tank of World War II T-34
100%
Japanese tank with 120mm naval cannon Chi-Ha
80%
Most powerful Italian tank to ever exist L3/33
80%
Fast, light tank with the nickname“Wild cat” M18
80%
American tank with 6 recoilless rifles M50
80%
French tank with 12 to 13 crew members Char-2C
60%
South Korean artillery with a nordic version K9 / vidar
60%
Up armored version of a modern Swedish tank based on the leopard 2a7v Strv122b+
60%
Had casualty rates of over 83% In World War II Stug 3
60%
No matching quizzes found
Score Distribution
Percent of People with Each Score
Percentile by Number Answered
Your Score History
You have not taken this quiz since the last reset